History Quiz

Random History or Politics Quiz

Losing Australian Opposition Leaders Quiz Stats

 Plays Quiz not verified by Sporcle

Score 0/33 Timer 10:00
0 Plays Today
Election Year Opposition Leader % Correct
1975Gough Whitlam
100%
2016Bill Shorten
100%
1987John Howard
96.6%
1998Kim Beazley
91.5%
2001Kim Beazley
91.5%
1969Gough Whitlam
89.8%
1977Gough Whitlam
89.8%
2004Mark Latham
84.7%
2010Tony Abbott
79.7%
1946Robert Menzies
78%
1993John Hewson
74.6%
1984Andrew Peacock
71.2%
1990Andrew Peacock
71.2%
1954Herbert Evatt
64.4%
1955Herbert Evatt
64.4%
1958Herbert Evatt
64.4%
1974Billy Snedden
61%
Election Year Opposition Leader % Correct
1937John Curtin
59.3%
1940John Curtin
59.3%
1951Ben Chifley
59.3%
1980Bill Hayden
57.6%
1906George Reid
55.9%
1903George Reid
55.9%
1961Arthur Calwell
55.9%
1963Arthur Calwell
55.9%
1966Arthur Calwell
55.9%
1943Arthur Fadden
52.5%
1917Frank Tudor
40.7%
1919Frank Tudor
40.7%
1922Matthew Charlton
40.7%
1928Matthew Charlton
40.7%
1925Matthew Charlton
40.7%
1934James Scullin
25.4%

You're not logged in!

Compare scores with friends on all Sporcle quizzes.
OR
Log In

You Might Also Like...

Show Comments

Extras

Top Quizzes Today


Score Distribution

Your Account Isn't Verified!

In order to create a playlist on Sporcle, you need to verify the email address you used during registration. Go to your Sporcle Settings to finish the process.

Report this User

Report this user for behavior that violates our Community Guidelines.

Details: